Recherches sur les ruines de Palenqué et sur les origines de la civilisation du Mexique.

Detalles Bibliográficos
Autor principal: BRASSEUR De BOURBOURG, (Abad)
Formato: Libro
Publicado: París s.d.
Materias:
Colección:Banco de datos
Acervo:Biblioteca Nacional de Antropología e Historia. Fondo Conventual
Tema general:Historia Civil
Notas:Buena. III,7,14. Impreso en la Tipografía de Crété.
LEADER 00724nam a22001930004500
035 |a 10008 
036 |a 4613 
100 1 |a BRASSEUR De BOURBOURG, (Abad) 
245 1 0 |a Recherches sur les ruines de Palenqué et sur les origines de la civilisation du Mexique. 
260 |a París  |b Arturo Berthand.  |c s.d. 
500 |a Buena. III,7,14. Impreso en la Tipografía de Crété. 
650 1 0 |a Historia Civil 
949 |a B.N.A.H. 
959 |a Biblioteca Nacional de Antropología e Historia. Ciudad de México  |b CCC1 
960 |a Seminario de Morelia  |b DD56 
961 |a Casa de formación del Clero Secular  |b CS 
942 |c B.N.A.H. 
943 |g Biblioteca Nacional de Antropología e Historia. Fondo Conventual 
999 |c 1034540  |d 1034540